[Event "16th Asian Games Team Men"]
[Site "Guangzhou CHN"]
[Date "2010.11.23"]
[Round "6"]
[White "Torre, Eugenio"]
[Black "Khamrakulov, Dzhurabek"]
[Result "1-0"]
[WhiteTitle "GM"]
[BlackTitle "IM"]
[WhiteElo "2484"]
[BlackElo "2482"]
[WhiteTeam "PHI"]
[BlackTeam "UZB"]
[WhiteFideId "5200016"]
[BlackFideId "14201143"]
[EventDate "2010.11.18"]

1. b3 e5 2. Bb2 d6 3. d4 Nd7 4. c4 g6 5. Nf3 Bg7 6. Nc3 Ne7 7. g3 O-O 8. Bg2 Nf5
9. dxe5 Nxe5 10. O-O Rb8 11. Nxe5 dxe5 12. Ba3 Re8 13. Qxd8 Rxd8 14. Rad1 Bd7
15. Rd2 Bh6 16. Rd3 Nd4 17. e3 Bf5 18. Rdd1 Nc2 19. Be7 Rxd1 20. Rxd1 Bf8 21.
Bf6 Bg7 22. Bxg7 Kxg7 23. Be4 Nb4 24. Bxf5 gxf5 25. Kf1 c6 26. Rd7 Na6 27. Na4
Kf8 28. Ke2 Ke8 29. Rd6 Ke7 30. Rh6 Rh8 31. Nc3 Nc5 32. h3 a5 33. Kf3 Rd8 34.
Ke2 a4 35. b4 Na6 36. a3 e4 37. Nxa4 Rd3 38. b5 cxb5 39. cxb5 Nc7 40. Rb6 Rxa3
41. Rxb7 Kd6 42. Nb6 Ra2+ 43. Kf1 Nxb5 44. Nc8+ Kc6 45. Rxf7 Na3 46. Ne7+ Kd6
47. Nxf5+ Ke6 48. Rf8 Nc2 49. Nd4+ Nxd4 50. exd4 h5 51. Rh8 Kd5 52. Rxh5+ Kxd4
53. Rh8 Ke5 54. Kg2 Kf5 55. Rf8+ Kg5 56. h4+ Kg6 57. Kh3 Re2 58. Rf4 e3 59. fxe3
Rxe3 60. Kg4 Re6 61. Ra4 Rb6 62. h5+ Kh6 63. Kh4 Rb1 64. Ra6+ Kg7 65. g4 Rb5 66.
Ra7+ Kg8 67. h6 Kh8 68. g5 Rb6 69. Kh5 Rb5 70. Re7 Kg8 71. Kg6 Rb6+ 72. Kf5 Rb1
73. g6 Rb5+ 74. Kf6 Rb6+ 75. Re6 Rb8 76. Rd6 Re8 77. Rd1 Kh8 78. Rd7 Kg8 79.
Rg7+ Kh8 80. Re7 Ra8 81. Kf5 Kg8 82. Re5 Kh8 83. Kg5 Rg8 84. Rd5 1-0

[Event "16th Asian Games Team Men"]
[Site "Guangzhou CHN"]
[Date "2010.11.23"]
[Round "6"]
[White "Ganguly, Surya Shekhar"]
[Black "Nezad, Husein Aziz"]
[Result "1-0"]
[WhiteTitle "GM"]
[BlackTitle "IM"]
[WhiteElo "2644"]
[BlackElo "2402"]
[WhiteTeam "IND"]
[BlackTeam "QAT"]
[WhiteFideId "5002150"]
[BlackFideId "12100293"]
[EventDate "2010.11.18"]

1. e4 e5 2. Nf3 Nc6 3. Bb5 Nge7 4. Nc3 g6 5. d4 exd4 6. Nd5 Bg7 7. Bg5 h6 8. Bf6
Bxf6 9. Nxf6+ Kf8 10. O-O a6 11. Bc4 b5 12. Bd5 Nxd5 13. Nxd5 Bb7 14. Qd2 Kg8
15. c3 d6 16. cxd4 Ne7 17. Nf6+ Kg7 18. d5 Ng8 19. Ng4 h5 20. Qc3+ Kh7 21. h4 f6
22. Ne3 Nh6 23. a4 Qe7 24. Nd4 Rhf8 25. f3 Rf7 26. axb5 f5 27. exf5 gxf5 28. Qd3
Qf6 29. Ne6 Qxh4 30. bxa6 Bc8 31. b3 1-0

[Event "16th Asian Games Team Men"]
[Site "Guangzhou CHN"]
[Date "2010.11.23"]
[Round "6"]
[White "Nguyen, Ngoc Truong Son"]
[Black "Jumabayev, Rinat"]
[Result "1/2-1/2"]
[WhiteTitle "GM"]
[BlackTitle "GM"]
[WhiteElo "2628"]
[BlackElo "2571"]
[WhiteTeam "VIE"]
[BlackTeam "KAZ"]
[WhiteFideId "12401110"]
[BlackFideId "13702661"]
[EventDate "2010.11.18"]

1. d4 e6 2. e4 d5 3. Nc3 Nf6 4. Bg5 dxe4 5. Nxe4 Nbd7 6. Nf3 h6 7. Nxf6+ Nxf6 8.
Be3 Nd5 9. Bd2 c5 10. Bb5+ Bd7 11. Qe2 Bxb5 12. Qxb5+ Qd7 13. Qxd7+ Kxd7 14. c4
Nb6 15. b3 cxd4 16. Nxd4 Bc5 17. Be3 Rhc8 18. Ke2 Ke7 19. Rhd1 Nd7 20. f4 Nf6
21. Kf3 a6 22. g4 b5 23. Rac1 Ba3 24. Rc2 bxc4 25. bxc4 Rc7 26. g5 hxg5 27. fxg5
Nd7 28. Bf4 Rcc8 29. g6 fxg6 30. Nxe6 Rc6 31. Ng5 Nf6 32. c5 Kf8 33. Rd3 Bb4 34.
Bd6+ Kg8 35. Rb3 Ba5 36. Rcb2 Rac8 37. Rb8 Ne8 38. Ke4 Bc3 39. R2b6 Bf6 40. Ne6
Nxd6+ 41. cxd6 Rxb6 42. Rxb6 Rc2 43. d7 Rxa2 44. Nd4 Be7 45. Rb8+ Kf7 46. Nc6
Rd2 47. d8=Q Bxd8 48. Nxd8+ Kf6 49. Rb6+ Kg5 50. Ne6+ Kg4 51. Nd4 g5 52. Nf5
Rxh2 53. Ne3+ Kh5 54. Rxa6 Rf2 55. Ra5 g6 56. Ra1 Rf4+ 57. Kd3 g4 58. Ra5+ g5
59. Ra8 g3 60. Rh8+ Kg6 61. Rg8+ Kh5 62. Rh8+ Kg6 63. Rg8+ Kh5 1/2-1/2

[Event "16th Asian Games Team Men"]
[Site "Guangzhou CHN"]
[Date "2010.11.23"]
[Round "6"]
[White "Vladimirov, Yevgeniy"]
[Black "Cao, Sang"]
[Result "0-1"]
[WhiteTitle "GM"]
[BlackTitle "GM"]
[WhiteElo "2623"]
[BlackElo "2547"]
[WhiteTeam "KAZ"]
[BlackTeam "VIE"]
[WhiteFideId "13700014"]
[BlackFideId "725056"]
[EventDate "2010.11.18"]

1. d4 Nf6 2. c4 e6 3. Nf3 b6 4. g3 Bb7 5. Bg2 Be7 6. O-O O-O 7. Nc3 Ne4 8. Qc2
Nxc3 9. Qxc3 c5 10. b3 Bf6 11. Bb2 d6 12. Rad1 Qe7 13. Qc2 Nc6 14. e4 e5 15. d5
Nd4 16. Bxd4 cxd4 17. Bh3 g6 18. Ne1 Bg7 19. Nd3 f5 20. Nb4 Qg5 21. Nc6 Kh8 22.
Qe2 Bc8 23. exf5 gxf5 24. b4 Bd7 25. c5 Qh6 26. Bg2 bxc5 27. bxc5 Bxc6 28. dxc6
e4 29. cxd6 Qxd6 30. g4 Qxc6 31. gxf5 Rae8 32. Rfe1 Rxf5 33. Bxe4 Qh6 34. Qd2
Rg5+ 35. Kh1 Be5 36. f4 Bxf4 37. Qc2 Bxh2 0-1

[Event "16th Asian Games Team Men"]
[Site "Guangzhou CHN"]
[Date "2010.11.23"]
[Round "6"]
[White "Nguyen, Duc Hoa"]
[Black "Khusnutdinov, Rustam"]
[Result "1/2-1/2"]
[WhiteTitle "FM"]
[BlackTitle "GM"]
[WhiteElo "2431"]
[BlackElo "2524"]
[WhiteTeam "VIE"]
[BlackTeam "KAZ"]
[WhiteFideId "12401358"]
[BlackFideId "13701703"]
[EventDate "2010.11.18"]

1. d4 Nf6 2. c4 g6 3. Nc3 d5 4. Bf4 Bg7 5. e3 O-O 6. Rc1 Be6 7. Qb3 b6 8. Nf3 c5
9. Rd1 dxc4 10. Bxc4 Bxc4 11. Qxc4 cxd4 12. Nxd4 Qc8 13. Qe2 Qb7 14. O-O Nbd7
15. Nf3 Nc5 16. Be5 Rfd8 17. h3 Rac8 18. Rxd8+ Rxd8 19. Rd1 Rxd1+ 20. Qxd1 Qd7
21. Qxd7 Nfxd7 22. Bxg7 Kxg7 23. Kf1 e6 24. Ke2 Kf6 25. b4 Nb7 26. Nd4 a5 27.
Ne4+ Kg7 28. a3 h6 29. Nc6 axb4 30. axb4 f5 31. Nd2 Kf6 32. Kd3 e5 33. Kc4 Ke6
34. Kb5 Nd6+ 35. Ka6 g5 36. Na7 Kd5 37. Nb5 Ne8 38. Kb7 e4 39. Nc7+ Nxc7 40.
Kxc7 Ne5 41. Kxb6 Nd3 42. b5 Nxf2 43. Kc7 Nd3 44. b6 Nc5 45. b7 Nxb7 46. Kxb7 f4
47. exf4 gxf4 48. Kc7 Kd4 49. Kd6 f3 50. gxf3 e3 51. Nb3+ Kc3 52. Nc1 Kd2 53.
Nb3+ Kc3 54. Nc1 Kd4 1/2-1/2

[Event "16th Asian Games Team Men"]
[Site "Guangzhou CHN"]
[Date "2010.11.23"]
[Round "6"]
[White "Al-Ali, Hussein Ali Hussein"]
[Black "Moradiabadi, Elshan"]
[Result "1/2-1/2"]
[WhiteTitle "FM"]
[BlackTitle "GM"]
[WhiteElo "2363"]
[BlackElo "2575"]
[WhiteTeam "IRQ"]
[BlackTeam "IRI"]
[WhiteFideId "4800192"]
[BlackFideId "12501255"]
[EventDate "2010.11.18"]

1. e4 c5 2. Nf3 e6 3. c3 Nf6 4. e5 Nd5 5. d4 cxd4 6. cxd4 d6 7. Nc3 Nxc3 8. bxc3
Qc7 9. Bd2 Nd7 10. Ng5 Be7 11. exd6 Qxd6 12. Be2 O-O 13. O-O b6 14. Bf3 Ba6 15.
Re1 Bxg5 16. Bxg5 Rac8 17. Qd2 Rfe8 18. a4 Qc7 19. Re3 Bb7 20. Be2 Nf8 21. Rg3
Ng6 22. h4 Ne7 23. Bf6 Ng6 24. Bg5 Ne7 25. Bf4 Qd7 26. Bd3 Nf5 27. Bxf5 exf5 28.
Be5 Rxe5 29. Qh6 f6 30. dxe5 fxe5 31. Qh5 Rd8 32. Re3 e4 33. Qg5 Ba6 34. Ree1
Bd3 35. h5 h6 36. Qf4 Qf7 37. a5 b5 38. a6 Rf8 39. Qh4 f4 40. Qg4 Qd5 41. Rad1
f3 42. gxf3 Rxf3 43. Re3 Rxe3 44. fxe3 1/2-1/2

[Event "16th Asian Games Team Men"]
[Site "Guangzhou CHN"]
[Date "2010.11.23"]
[Round "6"]
[White "Battulga, Namkhai"]
[Black "Murshed, Niaz"]
[Result "1/2-1/2"]
[WhiteTitle "FM"]
[BlackTitle "GM"]
[WhiteElo "2428"]
[BlackElo "2429"]
[WhiteTeam "MGL"]
[BlackTeam "BAN"]
[WhiteFideId "4900880"]
[BlackFideId "10200010"]
[EventDate "2010.11.18"]

1. e4 e6 2. d4 d5 3. Nc3 Nf6 4. Bg5 Bb4 5. e5 h6 6. Be3 Ne4 7. Qg4 g6 8. Bd3
Nxc3 9. a3 Ba5 10. Bd2 Na4 11. Bxa5 Nxb2 12. Be2 Nc4 13. Bc3 b6 14. h4 h5 15.
Qf4 Ba6 16. Nf3 Nc6 17. Ng5 Qe7 18. Rh3 Nd8 19. Rf3 Kd7 20. Bd3 Nxa3 21. Bxa6
Nxc2+ 22. Kd2 Nxa1 23. Bxa1 Qb4+ 24. Bc3 Qa4 25. Qf6 Re8 26. Bd3 Re7 27. Qh8 b5
28. Rxf7 Rxf7 29. Nxf7 b4 30. Bb2 Qb3 31. Nxd8 Qxb2+ 32. Ke3 Rxd8 33. Bb5+ Kc8
34. Ba6+ Kd7 35. Bb5+ Kc8 1/2-1/2

[Event "16th Asian Games Team Men"]
[Site "Guangzhou CHN"]
[Date "2010.11.23"]
[Round "6"]
[White "Minhazuddin, Ahmed"]
[Black "Gundavaa, Bayarsaikhan"]
[Result "1/2-1/2"]
[WhiteTitle "FM"]
[WhiteElo "2350"]
[BlackElo "2472"]
[WhiteTeam "BAN"]
[BlackTeam "MGL"]
[WhiteFideId "10201955"]
[BlackFideId "4901045"]
[EventDate "2010.11.18"]

1. e4 c5 2. Nf3 d6 3. d4 cxd4 4. Nxd4 Nf6 5. Nc3 a6 6. Be2 e5 7. Nb3 Be7 8. Be3
Be6 9. Nd5 Nbd7 10. Qd3 Bxd5 11. exd5 Nc5 12. Nxc5 dxc5 13. c4 Bd6 14. Bg5 h6
15. Bxf6 Qxf6 16. Qf3 Qe7 17. Bd3 g6 18. g4 h5 19. h3 hxg4 20. hxg4 Rxh1+ 21.
Qxh1 Qg5 22. Qf3 Ke7 23. b4 Kf8 24. bxc5 Bxc5 25. Ke2 Kg7 26. Rh1 b5 27. Rb1 Rh8
28. cxb5 Rh2 29. Rf1 axb5 30. Bxb5 Qh4 31. Bd3 Rh3 32. Qe4 Qf6 33. a4 Bd4 34.
Qg2 Rh8 35. g5 Qd6 36. Rh1 Rxh1 37. Qxh1 Qb4 38. Qh6+ Kg8 39. Bxg6 Qb2+ 40. Kd1
Qa1+ 41. Kd2 Qc3+ 42. Ke2 Qb2+ 43. Kd1 Qa1+ 1/2-1/2

[Event "16th Asian Games Team Men"]
[Site "Guangzhou CHN"]
[Date "2010.11.23"]
[Round "6"]
[White "Munkhgal, Gombosuren"]
[Black "Rahman, Ziaur"]
[Result "1/2-1/2"]
[BlackTitle "GM"]
[WhiteElo "2316"]
[BlackElo "2527"]
[WhiteTeam "MGL"]
[BlackTeam "BAN"]
[WhiteFideId "4901266"]
[BlackFideId "10200037"]
[EventDate "2010.11.18"]

1. d4 d5 2. c4 e6 3. Nf3 c6 4. e3 Bd6 5. b3 f5 6. g3 Nf6 7. Bg2 O-O 8. O-O Qe7
9. a4 a5 10. Ba3 Nbd7 11. Qc1 Ne4 12. Bxd6 Qxd6 13. Qa3 b6 14. Qxd6 Nxd6 15. Rc1
Bb7 16. Na3 h6 17. h4 Ne4 18. Rab1 Rfb8 19. Bh3 Rf8 20. Rb2 g5 21. Nd2 Nd6 22.
Nc2 Kf7 23. Ne1 Rg8 24. hxg5 hxg5 25. Nd3 Kf6 26. c5 bxc5 27. Nxc5 Nxc5 28. Rxc5
Ra7 29. Bf1 Rh8 30. b4 axb4 31. a5 Rha8 32. Ra2 Ne4 33. Nxe4+ fxe4 34. Ra4 Ba6
35. Rxc6 Bxf1 36. Kxf1 Rxa5 37. Rxa5 Rxa5 38. Rb6 Ra1+ 39. Kg2 Rb1 40. Kh3 Rb2
41. Rb8 Ke7 42. Rb7+ Kd6 43. Kg4 Rxf2 44. Rb6+ Ke7 45. Rxb4 Kf6 46. Rb8 Re2 47.
Rb3 Rc2 48. Ra3 Rc6 49. Ra1 Rc3 50. Rf1+ Kg6 51. Re1 Rc2 52. Ra1 Rf2 53. Ra6 Rf6
54. Rd6 Kf7 55. Rd7+ Ke8 56. Ra7 Rf7 57. Ra3 Rf5 58. Kh5 Ke7 59. g4 Rf8 60. Kxg5
Rg8+ 61. Kf4 Kf6 62. Ra6 Rf8 63. Rb6 Rf7 64. Rb8 e5+ 65. Kg3 exd4 66. exd4 Re7
67. Kf4 e3 68. Rb6+ Kf7 69. Rb1 Re4+ 70. Kf3 Kf6 71. Re1 Kg5 72. Rxe3 Rxe3+ 73.
Kxe3 Kxg4 74. Ke2 1/2-1/2

[Event "16th Asian Games Team Men"]
[Site "Guangzhou CHN"]
[Date "2010.11.23"]
[Round "6"]
[White "Kim, Saebyeok"]
[Black "Al-Zendani, Zendan"]
[Result "0-1"]
[BlackTitle "IM"]
[WhiteElo "1906"]
[BlackElo "2398"]
[WhiteTeam "KOR"]
[BlackTeam "YEM"]
[WhiteFideId "13200518"]
[BlackFideId "9400249"]
[EventDate "2010.11.18"]

1. e4 c5 2. Nf3 e6 3. d4 cxd4 4. Nxd4 a6 5. Bd3 Nc6 6. Nxc6 bxc6 7. O-O e5 8. c4
Nf6 9. Nd2 Be7 10. f4 h5 11. Nb3 Qb6+ 12. Kh1 Ng4 13. Qc2 d6 14. fxe5 Nxe5 15.
Bf4 c5 16. Bxe5 dxe5 17. Nc1 Bg4 18. b3 Rb8 19. Qf2 Qg6 20. h3 Be6 21. Ne2 Rd8
22. Rad1 O-O 23. Nc3 Rd4 24. Bb1 Qg5 25. Nd5 Bd6 26. Qc2 Bxd5 27. exd5 g6 28.
Rxd4 exd4 29. Qf2 Kg7 30. Bd3 h4 31. Qg1 Re8 32. Qf2 f5 33. Re1 Bg3 0-1

[Event "16th Asian Games Team Men"]
[Site "Guangzhou CHN"]
[Date "2010.11.23"]
[Round "6"]
[White "Al-Hadarani, Hatim"]
[Black "Lee, Kiyul"]
[Result "1-0"]
[WhiteTitle "FM"]
[WhiteElo "2266"]
[BlackElo "1945"]
[WhiteTeam "YEM"]
[BlackTeam "KOR"]
[WhiteFideId "9400273"]
[BlackFideId "13200054"]
[EventDate "2010.11.18"]

1. e4 e5 2. Nf3 Nc6 3. Bb5 Nf6 4. d3 d6 5. c3 a6 6. Ba4 b5 7. Bc2 Be7 8. a4 Bg4
9. h3 Bh5 10. Qe2 O-O 11. g4 Bg6 12. Nh4 b4 13. Nf5 Re8 14. Nd2 d5 15. a5 Na7
16. Nf3 bxc3 17. bxc3 Nb5 18. Bd2 Bf8 19. Ba4 dxe4 20. dxe4 Nd7 21. Bxb5 axb5
22. Qxb5 Nc5 23. Qc4 Qd3 24. Qxd3 Nxd3+ 25. Ke2 Nc5 26. N3h4 Nb3 27. Ra2 Rxa5
28. Rxa5 Nxa5 29. Nxg6 hxg6 30. Ne3 Bc5 31. Rb1 c6 32. f3 Rd8 33. c4 Bxe3 34.
Bxa5 Ra8 35. Kxe3 Rxa5 36. Rb8+ Kh7 37. Rb6 Ra3+ 38. Kf2 Ra2+ 39. Kg3 g5 40.
Rxc6 f6 41. Rc7 Kh6 42. c5 Rc2 43. c6 Rb2 44. Rc8 Kh7 45. Rd8 Rc2 46. Rc8 Rd2
47. Rc7 Kh6 48. Rd7 Rc2 49. c7 Kg6 50. h4 gxh4+ 51. Kxh4 Rh2+ 52. Kg3 Rc2 53.
Re7 Kh6 54. g5+ fxg5 55. Kg4 Kg6 56. Re6+ Kf7 57. Rxe5 Rxc7 58. Rf5+ Kg6 59.
Rxg5+ Kf6 60. Rf5+ Kg6 61. Rd5 Kf6 62. Rf5+ Kg6 63. Rf8 Rc1 64. f4 Rg1+ 65. Kf3
Rf1+ 66. Ke3 Kh7 67. f5 Kh6 68. e5 Rd1 69. e6 Kh7 70. Kf4 Re1 71. Re8 Re2 72.
Ra8 Re1 73. Kg5 Rg1+ 74. Kf4 Re1 75. Ra5 g6 76. Ra7+ Kg8 77. Kg5 gxf5 78. Kf6 f4
79. Rg7+ Kf8 80. e7+ Ke8 81. Rg8+ Kd7 82. Rd8+ 1-0

[Event "16th Asian Games Team Men"]
[Site "Guangzhou CHN"]
[Date "2010.11.23"]
[Round "6"]
[White "Jung, Minwoo"]
[Black "Abdul Moula, Sabri"]
[Result "1/2-1/2"]
[BlackTitle "CM"]
[WhiteElo "1701"]
[BlackElo "2189"]
[WhiteTeam "KOR"]
[BlackTeam "YEM"]
[WhiteFideId "13200933"]
[BlackFideId "9400087"]
[EventDate "2010.11.18"]

1. e4 e6 2. d4 b6 3. Nf3 Bb7 4. Bd3 c5 5. Be3 Nf6 6. Nbd2 Nc6 7. c3 cxd4 8. Nxd4
Ne5 9. Qe2 Nxd3+ 10. Qxd3 d6 11. f3 Be7 12. O-O O-O 13. c4 Nd7 14. Rfd1 d5 15.
N4b3 Ne5 16. Qc3 Bf6 17. Bd4 Nxc4 18. Nxc4 dxc4 19. Qxc4 Bxd4+ 20. Rxd4 Qe7 21.
Rad1 Rac8 22. Qd3 Bc6 23. Rc1 h6 24. a4 e5 25. Rdc4 Rfd8 26. Qe3 Qd7 27. a5 Ba4
28. Rxc8 Rxc8 29. Rxc8+ Qxc8 30. axb6 axb6 31. Qxb6 Qc2 32. Nc5 Qd1+ 33. Kf2
Qd2+ 34. Kf1 Qd1+ 35. Kf2 Qd2+ 36. Kf1 1/2-1/2

[Event "16th Asian Games Team Men"]
[Site "Guangzhou CHN"]
[Date "2010.11.23"]
[Round "6"]
[White "Abdul Rahman Ali"]
[Black "Aboudi, Marwan"]
[Result "0-1"]
[WhiteElo "1936"]
[BlackElo "2196"]
[WhiteTeam "MDV"]
[BlackTeam "JOR"]
[WhiteFideId "16700066"]
[BlackFideId "8100160"]
[EventDate "2010.11.18"]

1. d4 d5 2. f4 c5 3. c3 Nf6 4. e3 Bg4 5. Nf3 Nc6 6. Bd3 e6 7. Nbd2 Bd6 8. O-O
cxd4 9. cxd4 O-O 10. a3 Rc8 11. Qe1 Bf5 12. Qe2 Bxd3 13. Qxd3 Qc7 14. Ne5 Ne7
15. Qe2 Qc2 16. Qf3 Rc7 17. Rf2 Qa4 18. g4 Rfc8 19. Rf1 Qc2 20. h4 Ne4 21. Nxe4
dxe4 22. Qh3 Qe2 23. h5 Rc2 24. h6 Bxe5 25. fxe5 Ng6 26. Qg3 Nh4 27. Bd2 Rxd2
28. Rae1 Qg2+ 29. Qxg2 Rxg2+ 30. Kh1 Rcc2 31. Rf4 Rh2+ 32. Kg1 Rcg2+ 0-1

[Event "16th Asian Games Team Men"]
[Site "Guangzhou CHN"]
[Date "2010.11.23"]
[Round "6"]
[Black "Mohamed Hassan MDV"]
[White "Naiem, Mousa"]
[Result "1-0"]
[WhiteElo "2067"]
[BlackElo "1780"]
[WhiteTeam "JOR"]
[BlackTeam "MDV"]
[WhiteFideId "8100250"]
[BlackFideId "16700058"]
[EventDate "2010.11.18"]

1. Nf3 d5 2. e3 Nf6 3. b3 e6 4. Bb2 Be7 5. Be2 c6 6. O-O Nbd7 7. d4 Qc7 8. Nbd2
Bd6 9. c4 O-O 10. Rc1 Re8 11. Qc2 Nf8 12. Ne5 N6d7 13. Ndf3 f6 14. Nd3 dxc4 15.
Qxc4 Nb6 16. Qc2 e5 17. dxe5 fxe5 18. e4 Kh8 19. Rfd1 Bg4 20. Nh4 Qe7 21. g3 Bd7
22. Bh5 Red8 23. Qe2 Bc7 24. Nc5 Rab8 25. Nxd7 Nbxd7 26. Nf5 Qf6 27. Bg4 Ne6 28.
Ba3 c5 29. Bb2 Nd4 30. Nxd4 exd4 31. Bxd7 Rxd7 32. Rxc5 Bb6 33. Qg4 Bxc5 34.
Qxd7 Qf3 35. Re1 Rf8 36. Bxd4 Bxd4 37. Qxd4 b6 38. e5 Qf7 39. e6 Qe7 40. Qd7 Re8
41. Qxe7 Rxe7 42. f4 g6 43. g4 Kg7 44. Kf2 Kf6 45. Kf3 h6 46. h4 Rxe6 47. Rxe6+
Kxe6 48. Ke4 Kf6 49. b4 b5 50. a3 h5 51. gxh5 gxh5 52. f5 Kf7 53. Ke5 Ke7 54.
f6+ Kf8 55. Kf5 Kf7 56. Kg5 a6 57. Kf5 Kf8 58. Ke4 1-0

[Event "16th Asian Games Team Men"]
[Site "Guangzhou CHN"]
[Date "2010.11.24"]
[Round "7"]
[White "Khusnutdinov, Rustam"]
[Black "Zhou, Jianchao"]
[Result "1/2-1/2"]
[WhiteTitle "GM"]
[BlackTitle "GM"]
[WhiteElo "2524"]
[BlackElo "2669"]
[WhiteTeam "KAZ"]
[BlackTeam "CHN"]
[WhiteFideId "13701703"]
[BlackFideId "8603537"]
[EventDate "2010.11.18"]

1. e4 c5 2. Nf3 d6 3. d4 cxd4 4. Nxd4 Nf6 5. Nc3 a6 6. Bg5 Nbd7 7. f4 Qa5 8. Qf3
h6 9. Bxf6 Nxf6 10. f5 g5 11. fxg6 fxg6 12. Qg3 Qg5 13. Qxg5 hxg5 14. Bc4 Bd7
15. e5 Rh4 16. exf6 Rxd4 17. fxe7 Bg7 18. Bd3 Bf5 19. Bxf5 gxf5 20. O-O f4 21.
Rae1 Rc8 22. Re2 Be5 23. Ne4 Rxe4 24. Rxe4 Rxc2 25. Rb4 b5 26. Re1 Kxe7 27. a4
bxa4 28. h4 Kf6 29. hxg5+ Kxg5 30. Rxa4 Kg4 31. Rf1 Rxb2 32. Rf2 Rb1+ 33. Kh2
Rb3 34. Rfa2 d5 35. R2a3 Rb6 36. g3 d4 37. gxf4 Kxf4 38. Rxa6 Ke4+ 39. Kh3 Rb2
40. R6a4 Rh2+ 41. Kg4 Rg2+ 42. Kh3 Rg8 43. Rb3 Bf4 44. Rb7 Be3 45. Rf7 Kd3 46.
Ra2 Bd2 47. Rd7 Be3 48. Re7 Rg6 49. Rg2 Rc6 50. Kg4 Rg6+ 51. Kf3 Rf6+ 52. Kg4
Kc4 53. Rc2+ Kd5 54. Rcc7 Bh6 55. Rf7 Re6 56. Kf3 Re3+ 57. Kf2 Re6 58. Rfd7+ Ke4 1/2-1/2

[Event "16th Asian Games Team Men"]
[Site "Guangzhou CHN"]
[Date "2010.11.24"]
[Round "7"]
[White "Samakov, Nurdin"]
[Black "Gomez, John Paul"]
[Result "0-1"]
[BlackTitle "GM"]
[WhiteElo "2380"]
[BlackElo "2522"]
[WhiteTeam "KGZ"]
[BlackTeam "PHI"]
[WhiteFideId "13800345"]
[BlackFideId "5201381"]
[EventDate "2010.11.18"]

1. d4 d5 2. Bg5 f6 3. Bf4 Nc6 4. Nf3 Bg4 5. Nbd2 Nxd4 6. Nxd4 e5 7. h3 Bh5 8.
Ne6 Qd6 9. Nxc7+ Qxc7 10. Bh2 d4 11. c3 dxc3 12. bxc3 Qxc3 13. g4 Rd8 14. e3 Bb4
15. Bb5+ Ke7 16. O-O Bf7 17. Rc1 Qxd2 18. Qa4 Bd6 19. Rfd1 Qxa2 20. Qe4 Qe6 21.
f4 Kf8 22. fxe5 Be7 23. Qxb7 Qb6 24. Rxd8+ Bxd8 25. Qc8 Ne7 26. Qc5 Qxc5 27.
Rxc5 Bb6 28. Rc3 Be6 0-1

[Event "16th Asian Games Team Men"]
[Site "Guangzhou CHN"]
[Date "2010.11.24"]
[Round "7"]
[White "Tologontegin, Semetey"]
[Black "Torre, Eugenio"]
[Result "1/2-1/2"]
[WhiteTitle "FM"]
[BlackTitle "GM"]
[WhiteElo "2330"]
[BlackElo "2484"]
[WhiteTeam "KGZ"]
[BlackTeam "PHI"]
[WhiteFideId "13800574"]
[BlackFideId "5200016"]
[EventDate "2010.11.18"]

1. d4 d6 2. Nf3 Bg4 3. e4 Nf6 4. Nc3 e6 5. Qe2 c6 6. h3 Bxf3 7. Qxf3 d5 8. Bg5
Be7 9. O-O-O dxe4 10. Nxe4 Nxe4 11. Bxe7 Qxe7 12. Qxe4 Nd7 13. f4 Nf6 14. Qf3
O-O 15. Bd3 Nd5 16. Kb1 Rad8 17. Rhe1 Qf6 18. Qe4 g6 19. g3 Rd7 20. h4 Rfd8 21.
c3 h5 22. Qe5 Kg7 23. Kc2 Ne7 24. Qxf6+ Kxf6 25. Be4 Nf5 26. Bxf5 gxf5 27. Re5
Ke7 28. Rde1 Rd5 1/2-1/2

[Event "16th Asian Games Team Men"]
[Site "Guangzhou CHN"]
[Date "2010.11.24"]
[Round "7"]
[White "Gopal, Geetha Narayanan"]
[Black "Golizadeh, Asghar"]
[Result "0-1"]
[WhiteTitle "GM"]
[BlackTitle "IM"]
[WhiteElo "2609"]
[BlackElo "2508"]
[WhiteTeam "IND"]
[BlackTeam "IRI"]
[WhiteFideId "5015693"]
[BlackFideId "12505269"]
[EventDate "2010.11.18"]

1. e4 c5 2. Nf3 d6 3. d4 cxd4 4. Nxd4 a6 5. Nc3 e6 6. Bd3 Nf6 7. O-O Qc7 8. Qe2
Nbd7 9. Kh1 b5 10. f4 Bb7 11. a3 g6 12. a4 b4 13. Na2 Nc5 14. e5 dxe5 15. fxe5
Nfd7 16. Bf4 Bg7 17. Rae1 Rb8 18. c3 Nxd3 19. Qxd3 bxc3 20. Nxc3 O-O 21. Qe3 Nb6
22. b3 Rfc8 23. Rc1 Qd7 24. Rfd1 Nd5 25. Nxd5 Bxd5 26. h3 Rb4 27. Kh2 h5 28. Rc3
Rxc3 29. Qxc3 Qb7 30. Qg3 Bxb3 31. Nxb3 Rxb3 32. Qf2 Rb2 33. Qf1 Rb4 34. Kh1
Rxa4 35. Bg5 Ra3 36. Kg1 Ra2 37. Bf6 Bxf6 38. exf6 Qb6+ 39. Kh1 Qf2 40. Kh2 Qxf1
41. Rxf1 g5 42. h4 gxh4 43. Kh3 Ra4 44. Rc1 Kh7 45. Rc7 Kg6 0-1

[Event "16th Asian Games Team Men"]
[Site "Guangzhou CHN"]
[Date "2010.11.24"]
[Round "7"]
[White "Nguyen, Ngoc Truong Son"]
[Black "Al Qudaimi, Basheer"]
[Result "1-0"]
[WhiteTitle "GM"]
[BlackTitle "IM"]
[WhiteElo "2628"]
[BlackElo "2406"]
[WhiteTeam "VIE"]
[BlackTeam "YEM"]
[WhiteFideId "12401110"]
[BlackFideId "9400346"]
[EventDate "2010.11.18"]

1. d4 c6 2. Nf3 Nf6 3. Bf4 d5 4. e3 Bg4 5. c4 Ne4 6. Qb3 Qa5+ 7. Nc3 Nxc3 8.
bxc3 Bxf3 9. gxf3 e6 10. cxd5 exd5 11. Bh3 b6 12. Bc8 a6 13. O-O b5 14. a4 Qd8
15. Bh3 Bd6 16. Bxd6 Qxd6 17. Qb4 Qxb4 18. cxb4 bxa4 19. Rxa4 Ra7 20. Rfa1 Kd8
21. Bf1 Rb7 22. Bxa6 Nxa6 23. Rxa6 Kd7 24. Ra7 Rb8 25. f4 Ke6 26. Rxb7 Rxb7 27.
Ra4 Kd6 28. Kg2 Kc7 29. Kf3 f5 30. Ra8 Rb8 31. Ra4 Rb7 32. Kg3 g6 33. Kh4 h6 34.
Kg3 Kb8 35. Ra6 Kc7 36. Ra8 Rb8 37. Ra4 Kb7 38. Ra1 Ra8 39. Rg1 Kb6 40. Kf3 Rg8
41. Ra1 Rb8 42. Ke2 Kc7 43. Rg1 Rg8 44. h4 h5 45. f3 Kd7 46. e4 Ra8 47. exd5
Ra2+ 48. Kd3 cxd5 49. Rxg6 Ra3+ 50. Ke2 Ra2+ 51. Ke3 Ra3+ 52. Kf2 Ra2+ 53. Kg3
Rb2 54. Rf6 Rxb4 55. Rxf5 Rxd4 56. Re5 Kd6 57. Re8 Rd1 58. f5 Kd7 59. Re5 Rg1+
60. Kf4 Kd6 61. f6 Rg8 62. Kf5 d4 63. f7 1-0

[Event "16th Asian Games Team Men"]
[Site "Guangzhou CHN"]
[Date "2010.11.24"]
[Round "7"]
[White "Gameel, Mohamed"]
[Black "Nguyen, Huynh Minh Huy"]
[Result "1/2-1/2"]
[WhiteTitle "FM"]
[BlackTitle "IM"]
[WhiteElo "2217"]
[BlackElo "2459"]
[WhiteTeam "YEM"]
[BlackTeam "VIE"]
[WhiteFideId "9401440"]
[BlackFideId "12401269"]
[EventDate "2010.11.18"]

1. d4 Nf6 2. Nf3 e6 3. e3 b6 4. Bd3 Bb7 5. Nbd2 c5 6. O-O Be7 7. b3 O-O 8. Bb2
Nc6 9. a3 Re8 10. Qe2 Qc7 11. c4 d6 12. Rac1 Rac8 13. Ne4 Nxe4 14. Bxe4 Bf6 15.
Qc2 h6 16. dxc5 bxc5 17. Bxf6 gxf6 18. Nd2 Kf8 19. f4 Ke7 20. Qc3 Rb8 21. b4 f5
22. Bf3 cxb4 23. axb4 Nxb4 24. Ra1 a5 25. Bxb7 Rxb7 26. e4 Rg8 27. Rf2 fxe4 28.
Nxe4 Nd5 29. Qd3 Nf6 30. Nxf6 Kxf6 31. Qh7 Rg6 32. f5 exf5 33. Qh8+ Ke7 34. Rxf5
Qxc4 35. Re1+ Re6 36. Ref1 Rg6 37. Re1+ Re6 38. Ref1 Rg6 39. Qh7 Qd4+ 40. Kh1
Kd8 41. Rxf7 Rxf7 42. Qxf7 Rg5 43. Qb7 Rf5 44. Rb1 Rc5 45. Qh7 Qb4 46. h3 Qc4
47. Rd1 Qf4 48. Qa7 Rc1 49. Qxa5+ Kc8 50. Qa8+ 1/2-1/2